000 00474pab a2200169 454500
008 180718b2017 xxu||||| |||| 00| 0 eng d
100 _aNath, Suman
245 _aEveryday politics and corruption in West Bengal
260 _c2017
300 _ap.22-25.
362 _a27 May
650 _aCorruption - West Bengal
650 _aWest Bengal - Politics and government
650 _aPolitics and government
773 _aEconomic and Political Weekly
909 _a114852
999 _c114846
_d114846